00713nam a2200217 c 4500001000900000003000700009005001700016008004100033015001000074020001800084040002900102100002500131245014500156260003100301300002600332490002100358650001400379650002000393650005300413650002900466a6752147SpMaBN20211222142615.0201127s2020 sp | |||| 000 0 spa  aMON20 a9788418240898 aSpMaBNbspacSpMaBNerda1 aTomeo Escuin, Carlos aNo nos hablen de fake news, llamémoslo por su nombre, fake journalism by bought communicators ¡no más engaños!c/ Carlos Tomeo Escuin a[Madrid]:bLetrame, c2020 a83 pàgines; c24 cm0 aReflexión; v1 0aFake news 0aDesinformació 0aMitjans de comunicació de massaxManipulació 0aPeriodismexObjectivitat